000 00421nam a2200133Ia 4500
008 231129s1974||||xx |||||||||||||| ||spa||
040 _bspa
082 _a[EN PROCESO DE DESCARTE] R 025.324 M296m
100 _aManzo Abelardo J.
245 0 _aManual para la preparacion de monografias : Una guia para presentar informes y tesis
260 _c1974
264 _aArgentina (Buenos Aires) : Humanitas
942 _2ddc
_cBKS
999 _c20537
_d20537